[Event "ODJM C 2025"]
[Site "Willingen GER"]
[Date "2025.06.13"]
[Round "8"]
[White "Englert, Ann"]
[Black "Holzhäuser, Thibaut Lautaro"]
[Result "1/2-1/2"]
[Termination "normal"]
[Board "11"]
[WhiteElo "1614"]
[BlackElo "1035"]
[WhiteClock "00:10:16"]
[BlackClock "00:01:29"]
[PlyCount "74"]
[WhiteFideId "34606181"]
[BlackFideId "34679731"]
[EventCountry "GER"]
[EventRounds "9"]
[EventType "swiss"]
[EventDate "2025.06.07"]

1. d4 {[%clk 01:30:58]} {[%emt 00:00:01]} Nf6 {[%clk 01:30:54]} {[%emt
00:00:07]} 2. c4 {[%clk 01:31:14]} {[%emt 00:00:14]} e6 {[%clk 01:31:13]}
{[%emt 00:00:11]} 3. Nc3 {[%clk 01:31:26]} {[%emt 00:00:17]} d5 {[%clk
01:31:14]} {[%emt 00:00:30]} 4. cxd5 {[%clk 01:31:01]} {[%emt 00:00:55]} exd5
{[%clk 01:31:35]} {[%emt 00:00:08]} 5. Bg5 {[%clk 01:30:52]} {[%emt 00:00:39]}
Be6 {[%clk 01:30:46]} {[%emt 00:01:20]} 6. e3 {[%clk 01:27:26]} {[%emt
00:03:55]} Bb4 {[%clk 01:26:59]} {[%emt 00:04:17]} 7. Qa4+ {[%clk 01:19:17]}
{[%emt 00:08:37]} Nc6 {[%clk 01:26:58]} {[%emt 00:00:28]} 8. Bb5 {[%clk
01:18:36]} {[%emt 00:01:16]} Bxc3+ {[%clk 01:26:31]} {[%emt 00:00:57]} 9. bxc3
{[%clk 01:18:49]} {[%emt 00:00:17]} Bd7 {[%clk 01:25:35]} {[%emt 00:01:26]} 10.
Nf3 {[%clk 01:17:47]} {[%emt 00:01:33]} a6 {[%clk 01:24:59]} {[%emt 00:01:06]}
11. Bd3 {[%clk 01:16:36]} {[%emt 00:01:38]} Ne5 {[%clk 01:23:40]} {[%emt
00:01:41]} 12. Qd1 {[%clk 01:15:42]} {[%emt 00:01:32]} Nxd3+ {[%clk 01:23:00]}
{[%emt 00:01:12]} 13. Qxd3 {[%clk 01:15:54]} {[%emt 00:00:18]} O-O {[%clk
01:19:50]} {[%emt 00:03:37]} 14. Ne5 {[%clk 01:13:19]} {[%emt 00:03:08]} Bb5
{[%clk 01:14:04]} {[%emt 00:06:16]} 15. Qc2 {[%clk 01:12:09]} {[%emt 00:01:36]}
Qd6 {[%clk 01:11:04]} {[%emt 00:03:34]} 16. a4 {[%clk 01:10:17]} {[%emt
00:02:23]} Be8 {[%clk 01:10:03]} {[%emt 00:01:27]} 17. Bf4 {[%clk 01:09:03]}
{[%emt 00:01:46]} Qe6 {[%clk 01:04:49]} {[%emt 00:05:38]} 18. O-O {[%clk
01:07:43]} {[%emt 00:01:56]} Rc8 {[%clk 00:49:37]} {[%emt 00:15:42]} 19. Qb3
{[%clk 00:58:20]} {[%emt 00:09:50]} b6 {[%clk 00:45:45]} {[%emt 00:04:13]} 20.
Rfc1 {[%clk 00:52:12]} {[%emt 00:06:49]} Ne4 {[%clk 00:35:13]} {[%emt
00:10:57]} 21. Nd3 {[%clk 00:42:25]} {[%emt 00:10:24]} c5 {[%clk 00:24:30]}
{[%emt 00:11:10]} 22. Ne5 {[%clk 00:37:24]} {[%emt 00:05:33]} f6 {[%clk
00:20:29]} {[%emt 00:04:31]} 23. Nf3 {[%clk 00:36:30]} {[%emt 00:01:24]} c4
{[%clk 00:17:22]} {[%emt 00:03:38]} 24. Qb4 {[%clk 00:33:30]} {[%emt 00:03:26]}
b5 {[%clk 00:13:14]} {[%emt 00:04:42]} 25. axb5 {[%clk 00:30:47]} {[%emt
00:03:13]} Bxb5 {[%clk 00:11:47]} {[%emt 00:01:54]} 26. Ra2 {[%clk 00:28:06]}
{[%emt 00:03:10]} Rc6 {[%clk 00:10:21]} {[%emt 00:01:55]} 27. Ne1 {[%clk
00:24:58]} {[%emt 00:03:42]} Rf7 {[%clk 00:09:22]} {[%emt 00:01:28]} 28. Qa5
{[%clk 00:22:38]} {[%emt 00:02:51]} Rb7 {[%clk 00:07:55]} {[%emt 00:01:52]} 29.
Rd1 {[%clk 00:21:00]} {[%emt 00:02:11]} Rcb6 {[%clk 00:04:55]} {[%emt
00:03:33]} 30. Nc2 {[%clk 00:19:36]} {[%emt 00:01:54]} Ra7 {[%clk 00:03:40]}
{[%emt 00:01:45]} 31. Rb2 {[%clk 00:16:45]} {[%emt 00:03:19]} Qc6 {[%clk
00:01:32]} {[%emt 00:02:38]} 32. Na3 {[%clk 00:16:03]} {[%emt 00:01:14]} Rab7
{[%clk 00:01:21]} {[%emt 00:00:40]} 33. Rdb1 {[%clk 00:15:29]} {[%emt
00:01:04]} f5 {[%clk 00:01:09]} {[%emt 00:00:42]} 34. g3 {[%clk 00:13:58]}
{[%emt 00:02:03]} h6 {[%clk 00:01:06]} {[%emt 00:00:33]} 35. h4 {[%clk
00:13:45]} {[%emt 00:00:42]} Kh7 {[%clk 00:01:11]} {[%emt 00:00:24]} 36. Be5
{[%clk 00:13:23]} {[%emt 00:00:52]} Kg8 {[%clk 00:01:17]} {[%emt 00:00:22]} 37.
Kg2 {[%clk 00:10:16]} {[%emt 00:03:39]} Kh7 {[%clk 00:01:29]} {[%emt 00:00:19]}
1/2-1/2

[Event "ODJM C 2025"]
[Site "Willingen GER"]
[Date "2025.06.13"]
[Round "8"]
[White "Muhl, Justinus"]
[Black "Böker, Maximilian"]
[Result "0-1"]
[Termination "normal"]
[Board "12"]
[WhiteElo "1584"]
[BlackElo "1534"]
[WhiteClock "01:01:41"]
[BlackClock "00:48:50"]
[PlyCount "24"]
[WhiteFideId "34635190"]
[BlackFideId "34623868"]
[EventCountry "GER"]
[EventRounds "9"]
[EventType "swiss"]
[EventDate "2025.06.07"]

1. e4 {[%clk 01:30:29]} {[%emt 00:00:32]} c6 {[%clk 01:30:51]} {[%emt
00:00:09]} 2. Nc3 {[%clk 01:30:27]} {[%emt 00:00:31]} d5 {[%clk 01:30:42]}
{[%emt 00:00:39]} 3. Qf3 {[%clk 01:30:20]} {[%emt 00:00:38]} d4 {[%clk
01:28:35]} {[%emt 00:02:35]} 4. Bc4 {[%clk 01:30:03]} {[%emt 00:00:48]} e6
{[%clk 01:23:26]} {[%emt 00:05:38]} 5. Nce2 {[%clk 01:27:57]} {[%emt 00:02:38]}
c5 {[%emt 00:09:46]} 6. b3 {[%clk 01:22:22]} Nc6 {[%clk 01:16:06]} {[%emt
00:04:38]} 7. Qg3 {[%clk 01:21:14]} {[%emt 00:01:38]} Nb4 {[%clk 01:10:22]}
{[%emt 00:06:12]} 8. Kd1 {[%clk 01:19:00]} {[%emt 00:02:46]} g6 {[%clk
01:04:46]} {[%emt 00:06:05]} 9. h4 {[%clk 01:14:11]} {[%emt 00:05:19]} Bg7
{[%clk 01:02:47]} {[%emt 00:02:29]} 10. Bb2 {[%clk 01:14:08]} {[%emt 00:00:33]}
Nf6 {[%clk 00:53:12]} {[%emt 00:10:05]} 11. Nf3 {[%clk 01:05:30]} {[%emt
00:09:08]} Nxe4 {[%clk 00:48:42]} {[%emt 00:04:59]} 12. Qg4 {[%clk 01:01:41]}
{[%emt 00:04:18]} Nxf2+ {[%clk 00:48:50]} 0-1

[Event "ODJM C 2025"]
[Site "Willingen GER"]
[Date "2025.06.13"]
[Round "8"]
[White "Kutz, Henning Jasper"]
[Black "Hirtzel, Amelie Meiyan"]
[Result "1-0"]
[Termination "normal"]
[Board "13"]
[WhiteElo "1552"]
[BlackElo "1172"]
[WhiteClock "00:27:49"]
[BlackClock "00:21:27"]
[PlyCount "121"]
[WhiteFideId "34612882"]
[BlackFideId "533001898"]
[EventCountry "GER"]
[EventRounds "9"]
[EventType "swiss"]
[EventDate "2025.06.07"]

1. e4 {[%clk 01:30:58]} {[%emt 00:00:02]} c6 {[%clk 01:30:56]} {[%emt
00:00:04]} 2. d4 {[%clk 01:31:14]} {[%emt 00:00:14]} d5 {[%clk 01:31:20]}
{[%emt 00:00:06]} 3. e5 {[%clk 01:31:38]} {[%emt 00:00:05]} Bf5 {[%clk
01:31:37]} {[%emt 00:00:13]} 4. Nf3 {[%clk 01:31:57]} {[%emt 00:00:12]} e6
{[%clk 01:31:51]} {[%emt 00:00:17]} 5. Be2 {[%clk 01:32:03]} {[%emt 00:00:23]}
Ne7 {[%clk 01:31:57]} {[%emt 00:00:24]} 6. O-O {[%clk 01:32:10]} {[%emt
00:00:22]} g6 {[%clk 01:32:08]} {[%emt 00:00:19]} 7. Bg5 {[%clk 01:32:21]}
{[%emt 00:00:19]} Bg7 {[%clk 01:31:51]} {[%emt 00:00:47]} 8. Qd2 {[%clk
01:27:02]} {[%emt 00:05:49]} O-O {[%clk 01:31:04]} {[%emt 00:01:18]} 9. Bf6
{[%clk 01:27:07]} {[%emt 00:00:25]} Nd7 {[%clk 01:29:08]} {[%emt 00:02:26]} 10.
Bxg7 {[%clk 01:26:39]} {[%emt 00:00:57]} Kxg7 {[%clk 01:29:18]} {[%emt
00:00:20]} 11. Nh4 {[%clk 01:25:53]} {[%emt 00:01:16]} Qb6 {[%clk 01:25:36]}
{[%emt 00:04:12]} 12. b3 {[%clk 01:25:55]} {[%emt 00:00:28]} h5 {[%clk
01:19:22]} {[%emt 00:06:44]} 13. Nc3 {[%clk 01:24:18]} {[%emt 00:02:07]} c5
{[%clk 01:13:39]} {[%emt 00:06:14]} 14. Na4 {[%clk 01:23:48]} {[%emt 00:00:59]}
Qc6 {[%clk 01:13:09]} {[%emt 00:01:00]} 15. c3 {[%clk 01:22:46]} {[%emt
00:01:32]} Rac8 {[%clk 01:10:18]} {[%emt 00:03:20]} 16. Qg5 {[%clk 01:22:30]}
{[%emt 00:00:47]} Rfe8 {[%clk 01:08:10]} {[%emt 00:02:38]} 17. Bxh5 {[%clk
01:20:57]} {[%emt 00:02:03]} b6 {[%clk 01:02:23]} {[%emt 00:06:17]} 18. Rfe1
{[%clk 01:16:29]} {[%emt 00:04:58]} Rh8 {[%clk 00:56:13]} {[%emt 00:06:41]} 19.
Be2 {[%clk 01:14:09]} {[%emt 00:02:49]} Rce8 {[%clk 00:53:53]} {[%emt
00:02:50]} 20. Nb2 {[%clk 01:12:39]} {[%emt 00:02:00]} Kf8 {[%clk 00:50:12]}
{[%emt 00:04:10]} 21. a4 {[%clk 01:10:07]} {[%emt 00:03:04]} a5 {[%clk
00:49:26]} {[%emt 00:01:16]} 22. Bb5 {[%clk 01:09:28]} {[%emt 00:01:09]} Qc7
{[%clk 00:49:24]} {[%emt 00:00:32]} 23. Bxd7 {[%clk 01:08:43]} {[%emt
00:01:14]} Qxd7 {[%clk 00:49:45]} {[%emt 00:00:09]} 24. Qf6 {[%clk 01:08:29]}
{[%emt 00:00:45]} Rh5 {[%clk 00:48:26]} {[%emt 00:01:49]} 25. f3 {[%clk
01:07:21]} {[%emt 00:01:38]} Ng8 {[%clk 00:48:15]} {[%emt 00:00:39]} 26. Nxg6+
{[%clk 01:07:11]} {[%emt 00:00:42]} Bxg6 {[%clk 00:48:25]} {[%emt 00:00:19]}
27. Qf4 {[%clk 01:07:33]} {[%emt 00:00:07]} Rf5 {[%clk 00:47:12]} {[%emt
00:01:44]} 28. Qe3 {[%clk 01:06:56]} {[%emt 00:01:06]} cxd4 {[%clk 00:46:41]}
{[%emt 00:01:02]} 29. cxd4 {[%clk 01:07:17]} {[%emt 00:00:08]} Rc8 {[%clk
00:46:05]} {[%emt 00:01:07]} 30. g4 {[%clk 01:07:18]} {[%emt 00:00:29]} Rxf3
{[%clk 00:45:10]} {[%emt 00:01:26]} 31. Qxf3 {[%clk 01:07:41]} {[%emt
00:00:06]} Ne7 {[%clk 00:43:16]} {[%emt 00:02:24]} 32. Qe3 {[%clk 01:06:43]}
{[%emt 00:01:27]} Kg7 {[%clk 00:41:55]} {[%emt 00:01:52]} 33. Qh3 {[%clk
01:04:50]} {[%emt 00:02:20]} Rh8 {[%clk 00:40:32]} {[%emt 00:01:55]} 34. Qf3
{[%clk 01:03:53]} {[%emt 00:01:24]} Be4 {[%clk 00:39:46]} {[%emt 00:01:20]} 35.
Qf6+ {[%clk 01:01:44]} {[%emt 00:02:39]} Kg8 {[%clk 00:39:58]} {[%emt
00:00:17]} 36. Rf1 {[%clk 00:58:40]} {[%emt 00:03:36]} Qe8 {[%clk 00:40:11]}
{[%emt 00:00:16]} 37. Rac1 {[%clk 00:52:54]} {[%emt 00:06:15]} Rh7 {[%clk
00:40:12]} {[%emt 00:00:29]} 38. Rc7 {[%clk 00:49:44]} {[%emt 00:03:41]} Kf8
{[%clk 00:39:30]} {[%emt 00:01:12]} 39. Nd1 {[%clk 00:46:20]} {[%emt 00:03:54]}
Ng8 {[%clk 00:37:20]} {[%emt 00:02:40]} 40. Qf4 {[%clk 00:45:05]} {[%emt
00:01:44]} Rg7 {[%clk 00:35:10]} {[%emt 00:02:41]} 41. h3 {[%clk 00:44:03]}
{[%emt 00:01:32]} Ne7 {[%clk 00:32:54]} {[%emt 00:02:47]} 42. Qh6 {[%clk
00:38:57]} {[%emt 00:05:32]} Kg8 {[%clk 00:31:51]} {[%emt 00:01:36]} 43. Qf6
{[%clk 00:38:01]} {[%emt 00:01:25]} Kf8 {[%clk 00:31:30]} {[%emt 00:00:52]} 44.
Nf2 {[%clk 00:35:53]} {[%emt 00:02:33]} Ng8 {[%clk 00:28:56]} {[%emt 00:03:08]}
45. Qf4 {[%clk 00:36:13]} {[%emt 00:00:09]} Bf5 {[%clk 00:27:55]} {[%emt
00:01:32]} 46. Kh2 {[%clk 00:35:57]} {[%emt 00:00:46]} Bh7 {[%clk 00:25:56]}
{[%emt 00:02:30]} 47. h4 {[%clk 00:35:34]} {[%emt 00:00:53]} f5 {[%clk
00:25:19]} {[%emt 00:01:06]} 48. Rxg7 {[%clk 00:34:39]} {[%emt 00:01:26]} Kxg7
{[%clk 00:25:38]} {[%emt 00:00:11]} 49. gxf5 {[%clk 00:34:28]} {[%emt
00:00:41]} Bxf5 {[%clk 00:25:51]} {[%emt 00:00:17]} 50. Rg1+ {[%clk 00:33:45]}
{[%emt 00:01:13]} Kh7 {[%clk 00:25:31]} {[%emt 00:00:50]} 51. Nh3 {[%clk
00:32:56]} {[%emt 00:01:18]} Qh5 {[%clk 00:24:22]} {[%emt 00:01:38]} 52. Ng5+
{[%clk 00:33:08]} {[%emt 00:00:20]} Kh8 {[%clk 00:24:27]} {[%emt 00:00:25]} 53.
Qg3 {[%clk 00:30:55]} {[%emt 00:02:40]} Qg6 {[%clk 00:23:50]} {[%emt 00:01:09]}
54. Nf3 {[%clk 00:30:11]} {[%emt 00:01:14]} Qh7 {[%clk 00:23:43]} {[%emt
00:00:37]} 55. Ng5 {[%clk 00:29:19]} {[%emt 00:01:25]} Qg6 {[%clk 00:23:56]}
{[%emt 00:00:13]} 56. Nh3 {[%clk 00:29:03]} {[%emt 00:00:48]} Qh7 {[%clk
00:24:02]} {[%emt 00:00:23]} 57. Nf4 {[%clk 00:28:57]} {[%emt 00:00:37]} Ne7
{[%clk 00:23:04]} {[%emt 00:01:26]} 58. Qg5 {[%clk 00:28:36]} {[%emt 00:00:51]}
Ng8 {[%clk 00:22:45]} {[%emt 00:00:50]} 59. Nh5 {[%clk 00:27:49]} {[%emt
00:01:17]} Ne7 {[%clk 00:21:18]} {[%emt 00:01:59]} 60. Qf6+ {[%clk 00:27:44]}
{[%emt 00:00:34]} Qg7 {[%clk 00:21:27]} {[%emt 00:00:21]} 61. Qxg7# {[%clk
00:27:49]} {[%emt 00:00:24]} 1-0

[Event "ODJM C 2025"]
[Site "Willingen GER"]
[Date "2025.06.13"]
[Round "8"]
[White "Surmann, Lukas"]
[Black "Fabritius, Heinrich"]
[Result "1-0"]
[Termination "normal"]
[Board "14"]
[WhiteElo "1084"]
[BlackElo "1224"]
[WhiteClock "00:37:30"]
[BlackClock "00:30:38"]
[PlyCount "53"]
[WhiteFideId "34649360"]
[BlackFideId "533026238"]
[EventCountry "GER"]
[EventRounds "9"]
[EventType "swiss"]
[EventDate "2025.06.07"]

1. d4 {[%clk 01:30:58]} {[%emt 00:00:01]} d5 {[%clk 01:30:53]} {[%emt
00:00:07]} 2. c4 {[%clk 01:31:22]} {[%emt 00:00:07]} e6 {[%clk 01:31:17]}
{[%emt 00:00:05]} 3. Nf3 {[%clk 01:31:34]} {[%emt 00:00:18]} Nf6 {[%clk
01:31:37]} {[%emt 00:00:10]} 4. g3 {[%clk 01:31:55]} {[%emt 00:00:09]} Bd6
{[%clk 01:31:32]} {[%emt 00:00:35]} 5. Bg2 {[%clk 01:31:44]} {[%emt 00:00:40]}
dxc4 {[%clk 01:31:32]} {[%emt 00:00:31]} 6. a4 {[%clk 01:31:42]} {[%emt
00:00:33]} O-O {[%clk 01:30:41]} {[%emt 00:01:20]} 7. O-O {[%clk 01:31:44]}
{[%emt 00:00:28]} Nc6 {[%clk 01:29:29]} {[%emt 00:01:42]} 8. Nc3 {[%clk
01:31:27]} {[%emt 00:00:47]} Bd7 {[%clk 01:24:40]} {[%emt 00:05:20]} 9. a5
{[%clk 01:30:00]} {[%emt 00:01:57]} a6 {[%clk 01:24:42]} {[%emt 00:00:28]} 10.
Ne5 {[%clk 01:25:01]} {[%emt 00:05:29]} Rb8 {[%clk 01:21:22]} {[%emt 00:03:49]}
11. Nxd7 {[%clk 01:23:18]} {[%emt 00:02:14]} Qxd7 {[%clk 01:20:46]} {[%emt
00:01:05]} 12. d5 {[%clk 01:17:10]} {[%emt 00:06:38]} Nb4 {[%clk 01:12:13]}
{[%emt 00:09:04]} 13. dxe6 {[%clk 01:14:28]} {[%emt 00:03:11]} Qxe6 {[%clk
01:10:26]} {[%emt 00:02:18]} 14. Bd2 {[%clk 01:13:42]} {[%emt 00:01:16]} Rfe8
{[%clk 01:05:21]} {[%emt 00:05:35]} 15. Bg5 {[%clk 01:08:27]} {[%emt 00:05:44]}
h6 {[%clk 01:01:09]} {[%emt 00:04:42]} 16. Bxf6 {[%clk 01:08:22]} {[%emt
00:00:35]} Qxf6 {[%clk 01:00:45]} {[%emt 00:00:54]} 17. Ne4 {[%clk 01:05:54]}
{[%emt 00:02:58]} Qe6 {[%clk 00:58:56]} {[%emt 00:02:19]} 18. Nxd6 {[%clk
01:03:39]} {[%emt 00:02:45]} cxd6 {[%clk 00:56:08]} {[%emt 00:03:18]} 19. Ra4
{[%clk 01:02:02]} {[%emt 00:02:07]} Nc6 {[%clk 00:55:21]} {[%emt 00:01:17]} 20.
Re1 {[%clk 01:01:02]} {[%emt 00:01:30]} Ne7 {[%clk 00:50:52]} {[%emt 00:04:59]}
21. Rb4 {[%clk 00:54:23]} {[%emt 00:07:10]} Nc6 {[%clk 00:45:39]} {[%emt
00:05:43]} 22. Rb6 {[%clk 00:48:37]} {[%emt 00:06:16]} Rec8 {[%clk 00:37:32]}
{[%emt 00:08:35]} 23. Qa4 {[%clk 00:45:15]} {[%emt 00:03:53]} Nd8 {[%clk
00:33:13]} {[%emt 00:04:49]} 24. Qb4 {[%clk 00:37:50]} {[%emt 00:07:55]} Nc6
{[%clk 00:30:38]} {[%emt 00:03:04]} 25. Bxc6 {[%clk 00:37:30]} {[%emt
00:00:50]} Qd7 {[%emt 00:03:47]} 26. Bg2 Qe6 {[%emt 00:00:27]} 27. Bc6 {[%emt
00:00:03]} 1-0

[Event "ODJM C 2025"]
[Site "Willingen GER"]
[Date "2025.06.13"]
[Round "8"]
[White "Stelter, Torge"]
[Black "Rabus, Luise"]
[Result "1-0"]
[Termination "normal"]
[Board "15"]
[WhiteElo "1246"]
[BlackElo "1454"]
[WhiteClock "01:14:09"]
[BlackClock "00:49:51"]
[PlyCount "79"]
[WhiteFideId "533043698"]
[BlackFideId "34636900"]
[EventCountry "GER"]
[EventRounds "9"]
[EventType "swiss"]
[EventDate "2025.06.07"]

1. e4 {[%clk 01:30:59]} c6 {[%clk 01:30:55]} {[%emt 00:00:06]} 2. d4 {[%clk
01:31:12]} {[%emt 00:00:17]} d5 {[%clk 01:30:56]} {[%emt 00:00:29]} 3. exd5
{[%clk 01:30:27]} {[%emt 00:01:15]} cxd5 {[%clk 01:30:15]} {[%emt 00:01:11]} 4.
Nf3 {[%clk 01:30:46]} {[%emt 00:00:11]} Bf5 {[%clk 01:30:37]} {[%emt 00:00:08]}
5. Bd3 {[%clk 01:30:54]} {[%emt 00:00:22]} Bxd3 {[%clk 01:30:57]} {[%emt
00:00:10]} 6. Qxd3 {[%clk 01:31:01]} {[%emt 00:00:23]} Nc6 {[%clk 01:29:55]}
{[%emt 00:01:33]} 7. Nc3 {[%clk 01:31:05]} {[%emt 00:00:25]} e6 {[%clk
01:29:05]} {[%emt 00:01:19]} 8. Ne5 {[%clk 01:29:52]} {[%emt 00:01:43]} Bd6
{[%clk 01:27:17]} {[%emt 00:02:19]} 9. Bf4 {[%clk 01:28:16]} {[%emt 00:02:06]}
Qf6 {[%clk 01:23:09]} {[%emt 00:04:38]} 10. Qe3 {[%clk 01:27:24]} {[%emt
00:01:17]} Nge7 {[%clk 01:20:32]} {[%emt 00:03:12]} 11. O-O-O {[%clk 01:23:14]}
{[%emt 00:04:39]} Qf5 {[%clk 01:13:45]} {[%emt 00:07:17]} 12. g4 {[%clk
01:22:56]} {[%emt 00:00:50]} Qf6 {[%clk 01:09:41]} {[%emt 00:04:33]} 13. Bg5
{[%clk 01:23:10]} {[%emt 00:00:16]} Nf5 {[%clk 01:04:40]} {[%emt 00:05:32]} 14.
gxf5 {[%clk 01:18:55]} {[%emt 00:04:45]} Qxf5 {[%clk 01:05:00]} {[%emt
00:00:09]} 15. Qf4 {[%clk 01:19:21]} {[%emt 00:00:04]} f6 {[%clk 01:02:45]}
{[%emt 00:02:44]} 16. Qxf5 {[%clk 01:19:15]} {[%emt 00:00:37]} exf5 {[%clk
01:02:33]} {[%emt 00:00:42]} 17. Nxc6 {[%clk 01:19:40]} {[%emt 00:00:05]} fxg5
{[%clk 01:01:16]} {[%emt 00:01:47]} 18. Na5 {[%clk 01:19:47]} {[%emt 00:00:23]}
g4 {[%clk 01:01:10]} {[%emt 00:00:36]} 19. Rde1+ {[%clk 01:19:27]} {[%emt
00:00:50]} Kf7 {[%clk 01:01:27]} {[%emt 00:00:12]} 20. Nxb7 {[%clk 01:19:11]}
{[%emt 00:00:48]} Bc7 {[%clk 00:59:14]} {[%emt 00:02:42]} 21. Nxd5 {[%clk
01:19:00]} {[%emt 00:00:42]} Bb8 {[%clk 00:57:15]} {[%emt 00:02:29]} 22. Re7+
{[%clk 01:18:35]} {[%emt 00:00:55]} Kg6 {[%clk 00:57:28]} {[%emt 00:00:16]} 23.
Rhe1 {[%clk 01:18:33]} {[%emt 00:00:33]} Bxh2 {[%clk 00:57:22]} {[%emt
00:00:36]} 24. R1e6+ {[%clk 01:16:38]} {[%emt 00:02:23]} Kh5 {[%clk 00:53:22]}
{[%emt 00:04:32]} 25. Rxg7 {[%clk 01:16:12]} {[%emt 00:00:56]} f4 {[%clk
00:52:54]} {[%emt 00:00:57]} 26. Rf6 {[%clk 01:13:35]} {[%emt 00:03:00]} Raf8
{[%clk 00:49:13]} {[%emt 00:04:18]} 27. Rxf8 {[%clk 01:13:22]} {[%emt
00:00:43]} Rxf8 {[%clk 00:49:36]} {[%emt 00:00:07]} 28. Rxh7+ {[%clk 01:13:43]}
{[%emt 00:00:10]} Kg5 {[%clk 00:49:45]} {[%emt 00:00:19]} 29. Rxh2 {[%clk
01:14:10]} {[%emt 00:00:04]} g3 {[%clk 00:49:35]} {[%emt 00:00:40]} 30. fxg3
{[%clk 01:14:32]} {[%emt 00:00:08]} fxg3 {[%clk 00:49:59]} {[%emt 00:00:06]}
31. Rg2 {[%clk 01:14:59]} {[%emt 00:00:03]} Kg4 {[%clk 00:50:14]} {[%emt
00:00:15]} 32. Rg1 {[%clk 01:13:05]} {[%emt 00:02:25]} Kh3 {[%clk 00:50:22]}
{[%emt 00:00:21]} 33. Ne3 {[%clk 01:13:06]} {[%emt 00:00:29]} Rf3 {[%clk
00:50:35]} {[%emt 00:00:17]} 34. Kd2 {[%clk 01:13:12]} {[%emt 00:00:25]} Kh2
{[%clk 00:50:02]} {[%emt 00:01:03]} 35. Re1 {[%clk 01:13:05]} {[%emt 00:00:36]}
Rf2+ {[%clk 00:49:04]} {[%emt 00:01:28]} 36. Re2 {[%clk 01:12:32]} {[%emt
00:01:04]} Rxe2+ {[%clk 00:48:45]} {[%emt 00:00:48]} 37. Kxe2 {[%clk 01:12:57]}
{[%emt 00:00:05]} g2 {[%clk 00:49:09]} {[%emt 00:00:06]} 38. Nxg2 {[%clk
01:13:23]} {[%emt 00:00:04]} Kxg2 {[%clk 00:49:26]} {[%emt 00:00:14]} 39. d5
{[%clk 01:13:50]} {[%emt 00:00:03]} Kg3 {[%clk 00:49:51]} {[%emt 00:00:05]} 40.
d6 {[%clk 01:14:09]} {[%emt 00:00:11]} 1-0

[Event "ODJM C 2025"]
[Site "Willingen GER"]
[Date "2025.06.13"]
[Round "8"]
[White "Servin, Erik Phileas Große"]
[Black "Christoffers, Julia Anne"]
[Result "1-0"]
[Termination "normal"]
[Board "16"]
[WhiteElo "1041"]
[BlackElo "1587"]
[WhiteClock "00:30:16"]
[BlackClock "00:27:23"]
[PlyCount "69"]
[WhiteFideId "533043744"]
[BlackFideId "16249895"]
[EventCountry "GER"]
[EventRounds "9"]
[EventType "swiss"]
[EventDate "2025.06.07"]

1. e4 {[%clk 01:30:58]} {[%emt 00:00:02]} e6 {[%clk 01:30:57]} {[%emt
00:00:04]} 2. d4 {[%clk 01:31:22]} {[%emt 00:00:05]} d5 {[%clk 01:31:24]}
{[%emt 00:00:03]} 3. e5 {[%emt 00:00:04]} c5 {[%emt 00:00:18]} 4. c3 {[%clk
01:31:18]} {[%emt 00:00:13]} Nc6 {[%clk 01:30:51]} {[%emt 00:01:02]} 5. Nf3
{[%emt 00:00:10]} Qb6 {[%emt 00:00:28]} 6. Bd3 {[%clk 01:29:01]} {[%emt
00:00:21]} Bd7 {[%clk 01:30:46]} {[%emt 00:02:24]} 7. dxc5 {[%clk 01:29:15]}
{[%emt 00:00:15]} Bxc5 {[%clk 01:30:05]} {[%emt 00:01:11]} 8. O-O {[%clk
01:29:09]} {[%emt 00:00:34]} Nge7 {[%clk 01:29:12]} {[%emt 00:01:25]} 9. b4
{[%clk 01:29:13]} {[%emt 00:00:24]} Nxb4 {[%clk 01:23:33]} {[%emt 00:06:10]}
10. cxb4 {[%clk 01:29:15]} {[%emt 00:00:28]} Bd4 {[%clk 01:24:00]} {[%emt
00:00:04]} 11. Nxd4 {[%clk 01:25:05]} {[%emt 00:04:39]} Qxd4 {[%clk 01:24:07]}
{[%emt 00:00:24]} 12. Nc3 {[%clk 01:22:16]} {[%emt 00:03:18]} Qxc3 {[%clk
01:22:53]} {[%emt 00:01:45]} 13. Rb1 {[%clk 01:15:23]} {[%emt 00:01:34]} Qxe5
{[%clk 01:21:57]} {[%emt 00:07:15]} 14. Re1 {[%clk 01:15:25]} {[%emt 00:00:25]}
Qd6 {[%clk 01:19:50]} {[%emt 00:02:40]} 15. Qb3 {[%clk 01:08:31]} {[%emt
00:01:20]} O-O {[%clk 01:19:38]} {[%emt 00:06:47]} 16. b5 {[%clk 01:08:10]}
{[%emt 00:00:46]} b6 {[%clk 01:17:24]} {[%emt 00:02:48]} 17. Ba3 {[%clk
01:08:00]} {[%emt 00:00:33]} Qf4 {[%clk 01:06:23]} {[%emt 00:11:37]} 18. Bxe7
{[%clk 01:07:23]} {[%emt 00:01:08]} Rfc8 {[%clk 01:05:58]} {[%emt 00:00:56]}
19. g3 {[%clk 01:00:45]} {[%emt 00:05:46]} Qd4 {[%clk 01:05:42]} {[%emt
00:02:06]} 20. Red1 {[%clk 00:56:11]} {[%emt 00:02:43]} Rc3 {[%clk 01:03:42]}
{[%emt 00:04:53]} 21. Bxh7+ {[%clk 00:55:12]} {[%emt 00:01:29]} Kxh7 {[%clk
01:02:16]} {[%emt 00:01:55]} 22. Rxd4 {[%clk 00:55:35]} {[%emt 00:00:07]} Rxb3
{[%clk 01:01:49]} {[%emt 00:00:58]} 23. Rxb3 {[%clk 00:55:58]} {[%emt
00:00:07]} Rc8 {[%clk 00:51:43]} {[%emt 00:10:36]} 24. Rh4+ {[%clk 00:56:08]}
{[%emt 00:00:17]} Kg8 {[%clk 00:51:30]} {[%emt 00:00:46]} 25. Ba3 {[%clk
00:55:27]} {[%emt 00:01:05]} e5 {[%clk 00:48:58]} {[%emt 00:03:07]} 26. f4
{[%clk 00:47:57]} {[%emt 00:05:39]} e4 {[%clk 00:43:33]} {[%emt 00:01:59]} 27.
Rb1 {[%clk 00:46:40]} {[%emt 00:01:35]} d4 {[%clk 00:40:49]} {[%emt 00:03:26]}
28. Rc1 {[%clk 00:40:13]} {[%emt 00:03:03]} Rd8 {[%clk 00:36:56]} {[%emt
00:08:17]} 29. Rh5 {[%clk 00:38:35]} {[%emt 00:01:59]} d3 {[%clk 00:34:52]}
{[%emt 00:02:43]} 30. Rd5 {[%clk 00:37:14]} {[%emt 00:00:33]} f6 {[%clk
00:33:26]} {[%emt 00:03:14]} 31. f5 {[%clk 00:37:18]} {[%emt 00:00:22]} Kf7
{[%clk 00:29:50]} {[%emt 00:04:10]} 32. Rc7 {[%emt 00:00:45]} Ke8 {[%emt
00:02:23]} 33. Rxa7 {[%clk 00:30:42]} {[%emt 00:01:40]} Bxb5 {[%clk 00:26:57]}
{[%emt 00:05:42]} 34. Re7+ {[%clk 00:30:21]} {[%emt 00:00:30]} Kf8 {[%clk
00:27:23]} {[%emt 00:00:21]} 35. Rxd8+ {[%clk 00:30:16]} {[%emt 00:00:06]} 1-0